Регионална библиотека "Любен Каравелов" - Русе

Животът на Бетховена (Запис номер 87789)

MARC детайли
000 -Лидер
Контролно поле с фиксирана дължина nam a22 a 4500
003 - Код на организацията, давaща контролен номер
Контролно поле BLK
005 - Дата и час на последна редакция
Контролно поле 20220415102754.0
008 - Елементи от данни с фиксирана дължина
fixed length control field 180408b bul|||||r ||||||| ||bul||
010 ## - Наследен системен номер
LC control number KNG00092441000
040 ## - Източник на каталожния запис
Идентификатор на билиотеката - собственик на записа BLK
041 ## - Код за език
Код за езика на текст/звукозапис или на отделно заглавие Български
Код за езика КДБФ Български
080 ## - УДК
Текстов определител УДК Музиканти-творци, композитори
УДК код - определител по УДК 78.071.1
УДК определител (430)(092)
УДК - код + определител 78.071.1(430)(092)
080 ## - УДК
Текстов определител УДК Немски композитор
УДК код - определител по УДК 929 Бетовен, Лудвиг ван
УДК - код + определител 929 Бетовен, Лудвиг ван
100 1# - Редна дума - Автор
Автор Ролан, Ромен
Авторска отговорност първи автор
R(LIN) 248399
139 ## - Редно поле
Редна дума Ролан, Ромен
Авторски знак Бет - Б 42
245 10 - Сведения за заглавието
Заглавие Животът на Бетховена
Редно поле (дума) Ромен Ролан ; прев. от фр. Никола Абаджиев.
257 ## - Страна на издаване
Страна на създаване/издаване Франция
260 ## - Област на издателските данни
Име на издателя, разпространителя и проч. Георги Данаилов Юруков
Година на издаване [1918]
Печатница (София : Либерален клуб)
Място на издаване, разпространение и проч. София
300 ## - Физическа характеристика
Страници 87 с.
Размери/Мащаб 20 см
380 ## - Жанр
Жанр Изкуство
490 1# - СЕРИИ (Колекции)
Име на серия Животът на знаменитите мъже
500 ## - Общи забележки
Забележка Без сведения за ориг. загл. - Библиогр. с. 81-86.
501 ## - Забележка „подвързано към”
Забележка: Подвързано към... Екз. с инв. № 739545 подв. към кн. Творци на италианския дух / Жорж Нурижан, 1934 със сигн. 245897, екз. с № 809619 подв. към кн. Рубинщайн, Антон Г. Музиката и нейните представители, 1919 със сигн. 7.190.15157 и инв.№ 613600.
504 ## - Забележка за наличие на библиография и др
Забележка за наличие на библиография и под. 81-86
600 14 - Име на лице, използвано като предмет
За него / За нея Бетовен, Лудвиг ван
9 (RLIN) 38790
650 #4 - Допълнително описание по предмет – тема
Основно описание – тема или топоним Композитори, немски - биографии
9 (RLIN) 248173
651 #4 - Допълнително описание по предмет - топоним
Географско понятие Германия
9 (RLIN) 178754
653 ## - Ключова дума – ненормативна
Ключова дума Бетовен
700 1# - Други автори (авторска отговорност)
Лично име Абаджиев, Никола Атанасов
9 (RLIN) 302895
852 ## - Местоположение
Форматна сигнатура 7.190.15157
852 ## - Местоположение
Форматна сигнатура Цб 9.205.13567
Фондова буква Хранилище
852 ## - Местоположение
Форматна сигнатура Цб 245897
Фондова буква Хранилище
999 ## - СИСТЕМНИ КОНТРОЛНИ НОМЕРА
Koha biblionumber 87789
Koha biblioitemnumber 87789
942 ## - АРТИКУЛИ
Вид на библиотечния материал Книги
Скрит в OPAC Не
Периодичен библиозапис Да
Koha issues (borrowed), all copies 1
944 ## - СЪЗДАВАНЕ И РЕДАКЦИЯ на ЗАПИСА
Създаване/Редакция Създаване
Дата на регистрацията/редакция 05.11.2009
Статус, дата на статуса ф /
Служител, извършил регистрацията/редакцията Людмила_Стоянова
944 ## - СЪЗДАВАНЕ И РЕДАКЦИЯ на ЗАПИСА
Създаване/Редакция Редакция
Дата на регистрацията/редакция 2021-09-10
Статус, дата на статуса 2021-09-10
Служител, извършил регистрацията/редакцията Ренета Константинова
999 ## - СИСТЕМНИ КОНТРОЛНИ НОМЕРА
Koha biblioitemnumber 87789
999 ## - СИСТЕМНИ КОНТРОЛНИ НОМЕРА
Koha biblioitemnumber 87789
Наличности
Код за отписване Код за изгубен артикул Източник на класификационната схема Код за повреда Коз за рестрикции Код за отдаване Артикулен № Име на библиотеката - собственик Име на библиотеката, в която се намира в момента Статус (Текущо местоположение) Дата на вписване в системата Местоположение - отдел Цена в лева Инвентарен номер Систематично азбучна сигнатура Баркод Номер на екземпляра Цена в евро Служебна бележка Служебен тип на артикула
  Не е изгубен Universal Decimal Classification Не е повреден без рестрикции ползва се в читалня 142219 Регионална библиотека "Любен Каравелов" Русе Регионална библиотека "Любен Каравелов" Русе Хранилище 2009-10-27 Основен фонд - ползва се само за читалня 15.00 120000739545 Цб 245897 120000739545 1 7.67 Дост: DA Вид: А N: 14 Дата: 27.10.2009 Книги
  Не е изгубен Universal Decimal Classification Не е повреден само за читалня ползва се в читалня 142220 Регионална библиотека "Любен Каравелов" Русе Регионална библиотека "Любен Каравелов" Русе Хранилище 1918-01-01 Основен фонд - ползва се само за читалня 0.07 13567 Цб 9.205.13567 900000077810 2 0.04 Дост: Pk Вид: Ф N: стар фонд Дата: 01.01.1918 Книги
Изтеглен Не е изгубен Universal Decimal Classification Не е повреден без рестрикции ползва се в читалня 142221 Регионална библиотека "Любен Каравелов" Русе Регионална библиотека "Любен Каравелов" Русе Хранилище 2017-03-31 Основен фонд - ползва се само за читалня 23.00 120000809619 Цб 7.190.15157 120000809619 3 11.76 Дост: DA Вид: А N: 16 Дата: 31.03.2017 Книги
Vip Innovations Ltd, Rousse, Bulgaria 2025